A hazugság megítélése Szent Ágonston gondolkodásában
Elmentve itt :
| Szerző: | |
|---|---|
| Testületi szerző: | |
| Dokumentumtípus: | Könyv része |
| Megjelent: |
2014
|
| Sorozat: | Lábjegyzetek Platónhoz
12 A hazugság 12 |
| Kulcsszavak: | Hazugság - filozófia, Ismeretelmélet, Szent Ágoston, Patrisztika - 4-5. sz., Ókeresztény egyháztörténet |
| Tárgyszavak: | |
| Online Access: | http://acta.bibl.u-szeged.hu/49301 |
| LEADER | 00945naa a2200241 i 4500 | ||
|---|---|---|---|
| 001 | acta49301 | ||
| 005 | 20220107105135.0 | ||
| 008 | 170721s2014 hu o 0|| hun d | ||
| 020 | |a 978 963 88812 6 7 | ||
| 022 | |a 1785 7082 | ||
| 040 | |a SZTE Egyetemi Kiadványok Repozitórium |b hun | ||
| 041 | |a hun | ||
| 100 | 1 | |a Frenyó Zoltán | |
| 245 | 1 | 2 | |a A hazugság megítélése Szent Ágonston gondolkodásában |h [elektronikus dokumentum] / |c Frenyó Zoltán |
| 260 | |c 2014 | ||
| 300 | |a 284-293 | ||
| 490 | 0 | |a Lábjegyzetek Platónhoz |v 12 | |
| 490 | 0 | |a A hazugság |v 12 | |
| 650 | 4 | |a Bölcsészettudományok | |
| 650 | 4 | |a Filozófia, etika és vallástudományok | |
| 695 | |a Hazugság - filozófia, Ismeretelmélet, Szent Ágoston, Patrisztika - 4-5. sz., Ókeresztény egyháztörténet | ||
| 710 | |a Lábjegyzetek Platónhoz: A hazugság (2013) (Szeged) | ||
| 856 | 4 | 0 | |u http://acta.bibl.u-szeged.hu/49301/1/platonhoz_012_284-293.pdf |z Dokumentum-elérés |